Game AI pro 2 : collected wisdom of game AI professionals / (Record no. 71463)
[ view plain ]
| 000 -LEADER | |
|---|---|
| fixed length control field | 01577cam a22002897i 4500 |
| 001 - CONTROL NUMBER | |
| control field | 18717966 |
| 003 - CONTROL NUMBER IDENTIFIER | |
| control field | NUST - PNEC |
| 005 - DATE AND TIME OF LATEST TRANSACTION | |
| control field | 20170116181201.0 |
| 008 - FIXED-LENGTH DATA ELEMENTS--GENERAL INFORMATION | |
| fixed length control field | 150727s2015 flua b 001 0 eng d |
| 010 ## - LIBRARY OF CONGRESS CONTROL NUMBER | |
| LC control number | 2015431135 |
| 020 ## - INTERNATIONAL STANDARD BOOK NUMBER | |
| International Standard Book Number | 9781482254792 |
| 040 ## - CATALOGING SOURCE | |
| Transcribing agency | LIBRARY |
| 082 04 - DEWEY DECIMAL CLASSIFICATION NUMBER | |
| Edition number | 794.81536 RAB |
| 100 ## - MAIN ENTRY--PERSONAL NAME | |
| 9 (RLIN) | 16415 |
| Personal name | Rabin, Steve |
| 245 00 - TITLE STATEMENT | |
| Title | Game AI pro 2 : collected wisdom of game AI professionals / |
| Statement of responsibility, etc. | edited by Steve Rabin. |
| 260 ## - PUBLICATION, DISTRIBUTION, ETC. | |
| Place of publication, distribution, etc. | Boca Raton; |
| Name of publisher, distributor, etc. | CRC Press; |
| Date of publication, distribution, etc. | c2015. |
| 300 ## - PHYSICAL DESCRIPTION | |
| Extent | 549 p . : |
| 520 ## - SUMMARY, ETC. | |
| Summary, etc. | Game AI Pro 2: Collected Wisdom of Game AI Professionals presents cutting-edge game artificial intelligence (AI) techniques primarily from game developers of shipped commercial games and, to a minor extent, from academia. Topics covered include AI architectures, steering and path finding, tactics/strategy, genre-specific techniques, gesture recognition, and learning techniques. The book acts as a toolbox of techniques that can be applied to many common and not-so-common situations-techniques have largely been proven in shipped commercial games.-- |
| 650 #0 - SUBJECT ADDED ENTRY--TOPICAL TERM | |
| Topical term or geographic name entry element | Computer games |
| General subdivision | Design. |
| 650 #7 - SUBJECT ADDED ENTRY--TOPICAL TERM | |
| Topical term or geographic name entry element | Artificial intelligence. |
| Source of heading or term | fast |
| General subdivision | MIS |
| 700 1# - ADDED ENTRY--PERSONAL NAME | |
| Personal name | Rabin, Steve, |
| Relator term | editor. |
| 856 ## - ELECTRONIC LOCATION AND ACCESS | |
| Uniform Resource Identifier | <a href="http://www.amazon.com/Game-AI-Pro-Collected-Professionals/dp/1482254794/ref=sr_1_1?s=books&ie=UTF8&qid=1455522992&sr=1-1&keywords=9781482254792">http://www.amazon.com/Game-AI-Pro-Collected-Professionals/dp/1482254794/ref=sr_1_1?s=books&ie=UTF8&qid=1455522992&sr=1-1&keywords=9781482254792</a> |
| 906 ## - LOCAL DATA ELEMENT F, LDF (RLIN) | |
| a | 7 |
| b | cbc |
| c | copycat |
| d | 2 |
| e | ncip |
| f | 20 |
| g | y-gencatlg |
| 942 ## - ADDED ENTRY ELEMENTS (KOHA) | |
| Source of classification or shelving scheme | |
| Koha item type | Book |
| Withdrawn status | Lost status | Source of classification or shelving scheme | Materials specified (bound volume or other part) | Damaged status | Not for loan | Permanent Location | Current Location | Shelving location | Date acquired | Source of acquisition | Cost, normal purchase price | Total Checkouts | Full call number | Barcode | Date last seen | Cost, replacement price | Price effective from | Koha item type |
|---|---|---|---|---|---|---|---|---|---|---|---|---|---|---|---|---|---|---|
| Hardbound | Pakistan Navy Engineering College (PNEC) | Pakistan Navy Engineering College (PNEC) | 12/07/2015 | ZS Book Agency/ Library Grant | 8109.07 | 794.81536 RAB | PNECLIB-032445 | 02/15/2016 | 8109.07 | 12/07/2015 | Book |
